Statistics for Fill in the Blank - Countries

Click here to take the quiz!

General Stats

  • This quiz has been taken 2,028 times
  • The average score is 22 of 25

Answer Stats

Hint Answer % Correct
________ KingdomUnited
100%
Saudi ______Arabia
99%
_____ AfricaSouth
98%
__ SalvadorEl
98%
Costa ____Rica
98%
Sri ______Lanka
97%
Czech _______Republic
97%
Sierra _____Leone
96%
______ ____ EmiratesUnited Arab
96%
_______ _______ __ AmericaUnited States of
95%
North _____Korea
94%
Solomon ______Islands
94%
Trinidad and _______Tobago
93%
_____ VerdeCabo
92%
Central ________ RepublicAfrican
91%
Burkina ____Faso
90%
__________ __________ of the CongoDemocratic Republic
87%
Guinea-______Bissau
86%
_______ and BarbudaAntigua
86%
______ ___ GuineaPapua New
84%
San ______Marino
79%
__________ GuineaEquatorial
79%
Cote d'______Ivoire
75%
Sao _____ and ________Tome .... Principe
70%
Timor-_____Leste
53%

Score Distribution

Percentile by Number Answered

Percent of People with Each Score

Your Score History

You have not taken this quiz